00685cam a22001937a 4500003000500000005001700005008004100022010001000063011001000073035001000083040000900093100003300102245015500135260003900290300001900329502009400348650002500442650002400467CHAP20220329142651.0010920d2001 mx r 00110 spa d a86218 a87190 a97732 cCHAP00aGuerrero Sánchez, Rogelio.10aDesarrollo de una tecnología apropiada para la producción de setas (Pleurotus ostreatus) en "El Copal" Guanajuatoc/por Rogelio Guerrero Sánchez aIrapuato, Gto. :bEl autor,c1999. a82 h. :bilus. aTesis (ing. en Alimentos) -- Universidad de Guanajuato. Instituto de Ciencias Agrícolas14aPleurotus ostreatus.14aSetasxRendimiento.